000 00289nam a22001337a 4500
008 170822b xxu||||| |||| 00| 0 eng d
020 _a0444878068
041 _aeng
080 _a51
100 _a38
101 _aMAT
245 _aCOMPUTATIONAL GEOMETRY
_cTOUSSAINT,G
942 _2udc
_cBK
999 _c24557
_d24557